zpět

Detail výsledku týmu

Kozlovna S-klub, Olomouc

Datum a čas kvízu

22.5 Celkem bodů Celkový počet nahraných bodů na tomto kvízu bez doplňovacích otázek.
8. Pořadí na kvízu Konečné umístění týmu na tomto kvízu.

Zaznamenané odpovědi

# Otázka Odpověď Body Výsledky
1. Českou republiku minulý týden... Svjatlana Cichanouská (Světlana Tichanovská) 1
2. Damien Tarel, muž, který dal v... volit 0
3. Skupina Kabát oznámila poněkud... A 0
4. Jak se jmenuje středoamerický... Salvador 0
5. Minulý týden uzavřel svou boha... David Limberský 1
6. Nyní se podíváme do světa žen,... Ashley Graham/Grahamová 0
7. Na základě pořadu Banánové ryb... Banánové chybičky 0
8. Tato česká herečka neváhala vy... Pavla Tomicová 1
9. Podle čeho pojmenovala britská... A 0
10. Na fotografii vidíme moderátor... Oprah Winfrey 1